000
00247nam a2200097Ia 4500
001
710678
005
20250826162753.0
008
250824s9999 xx 000 0 und d
245
0
_a
AMAK-I HAYAL
_c
FİLİBELİ AHMED HİLMİ
260
_b
DESTEK YAYINLARI
999
_c
710678
_d
710678